[Event "17. European Women's Championship 2016"]
[Site "Mamaia ROU"]
[Date "2016.05.30"]
[Round "4.43"]
[White "Sviridova, Vlada"]
[Black "Movileanu, Daniela"]
[Result "0-1"]
[WhiteElo "2137"]
[BlackElo "2247"]
[PlyCount "118"]
[EventDate "2016.05.27"]
[EventType "swiss"]
[EventRounds "11"]
[EventCountry "ROU"]
[Source "lmi"]
[SourceDate "2016.05.26"]

1. d4 Nf6 2. c4 g6 3. Nc3 d5 4. cxd5 Nxd5 5. Bd2 Nb6 6. Bf4 Bg7 7. e3 O-O 8.
Nf3 N8d7 9. Be2 Nf6 10. h3 Nfd5 11. Bh2 c5 12. e4 Nxc3 13. bxc3 Be6 14. O-O
cxd4 15. cxd4 Bc4 16. Bxc4 Nxc4 17. Qd3 Rc8 18. Rab1 Qd7 19. Rb4 Na5 20. Rd1
Rfd8 21. d5 b6 22. e5 Rc5 23. Rd4 Nb7 24. e6 Qe8 25. exf7+ Qxf7 26. Be5 Bh6 27.
g4 Rf8 28. Kg2 Nd6 29. a4 Nc4 30. Qe2 Qxf3+ 31. Qxf3 Rxf3 32. Kxf3 Nxe5+ 33.
Kg2 Nf7 34. Re4 Kf8 35. Rde1 Rc7 36. R1e2 Nd6 37. Rd4 Bg7 38. Rf4+ Ke8 39. h4
Rc5 40. Rd2 Bf6 41. g5 Be5 42. Rg4 Nf5 43. Re4 Bd6 44. Rd3 Kd7 45. Rd2 Kc7 46.
Rd3 a6 47. Rg4 b5 48. axb5 axb5 49. Re4 Kb6 50. Kf3 Rc4 51. Rxc4 bxc4 52. Rc3
Kc5 53. Ke4 Kb4 54. Rc1 Kb3 55. h5 Ba3 56. Rb1+ Bb2 57. hxg6 hxg6 58. Rh1 c3
59. Rh3 Kc4 0-1

[Event "17. European Women's Championship 2016"]
[Site "Mamaia ROU"]
[Date "2016.05.30"]
[Round "4.44"]
[White "Anghel, Maria"]
[Black "Unuk, Laura"]
[Result "0-1"]
[WhiteElo "1703"]
[BlackElo "2246"]
[PlyCount "80"]
[EventDate "2016.05.27"]
[EventType "swiss"]
[EventRounds "11"]
[EventCountry "ROU"]
[Source "lmi"]
[SourceDate "2016.05.26"]

1. d4 d5 2. Nf3 c6 3. c4 Nf6 4. Qc2 dxc4 5. Qxc4 Bf5 6. Nh4 b5 7. Qc3 Nd5 8.
Qb3 Bxb1 9. Rxb1 e5 10. Nf3 Bb4+ 11. Bd2 Bxd2+ 12. Nxd2 exd4 13. g3 Nd7 14. Rc1
Rc8 15. Bg2 N7b6 16. Nf3 O-O 17. O-O Nc4 18. Rfd1 Qf6 19. Nxd4 Ndb6 20. Qc2 a6
21. b3 c5 22. Nf3 Nd6 23. e4 Qe7 24. e5 Nb7 25. Bh3 Rc7 26. Re1 Nd8 27. Bf5 g6
28. Bh3 Ne6 29. Nd2 Nd4 30. Qe4 Rd8 31. Qf4 Nd5 32. Qe4 Ne6 33. Qe2 Ndf4 34.
Qg4 Nxh3+ 35. Qxh3 Rxd2 36. Qh6 Rcd7 37. Qe3 R7d3 38. Qe4 Ng5 39. Qa8+ Kg7 40.
Kg2 Qe6 0-1

[Event "17. European Women's Championship 2016"]
[Site "Mamaia ROU"]
[Date "2016.05.30"]
[Round "4.45"]
[White "Drozdova, Dina"]
[Black "Narva, Mai"]
[Result "0-1"]
[WhiteElo "2235"]
[BlackElo "2121"]
[PlyCount "70"]
[EventDate "2016.05.27"]
[EventType "swiss"]
[EventRounds "11"]
[EventCountry "ROU"]
[Source "lmi"]
[SourceDate "2016.05.26"]

1. d4 Nf6 2. c4 e6 3. Nc3 Bb4 4. e3 O-O 5. Nge2 Re8 6. a3 Bf8 7. e4 d5 8. e5
Nfd7 9. cxd5 exd5 10. b4 Nb6 11. g3 a5 12. b5 a4 13. Bg2 c6 14. O-O Ra5 15. Bd2
Ra8 16. h4 Bf5 17. Nf4 Nc4 18. Bc1 Qa5 19. Qf3 Nd7 20. Nfe2 Be6 21. Qd3 Ndb6
22. f4 Bg4 23. Bf3 Bxf3 24. Qxf3 Rad8 25. f5 c5 26. Bg5 cxd4 27. Bxd8 dxc3 28.
Bg5 Nxe5 29. Qxc3 Qxb5 30. Ra2 Ng4 31. Qf3 Qb3 32. Rd2 Nc4 33. Rd3 Qc2 34. Qxg4
Qxd3 35. Nf4 Qxf1+ 0-1

[Event "17. European Women's Championship 2016"]
[Site "Mamaia ROU"]
[Date "2016.05.30"]
[Round "4.46"]
[White "Sucikova, Svetlana"]
[Black "Mikadze, Miranda"]
[Result "1/2-1/2"]
[WhiteElo "2072"]
[BlackElo "2233"]
[PlyCount "56"]
[EventDate "2016.05.27"]
[EventType "swiss"]
[EventRounds "11"]
[EventCountry "ROU"]
[Source "lmi"]
[SourceDate "2016.05.26"]

1. c4 Nf6 2. Nf3 e6 3. Nc3 d5 4. e3 c5 5. d4 Nc6 6. dxc5 Bxc5 7. cxd5 exd5 8.
Be2 O-O 9. O-O Re8 10. a3 Bg4 11. h3 Bf5 12. b4 Bb6 13. Na4 Bc7 14. Bb2 Ne4 15.
Nc3 Nxc3 16. Bxc3 Qd7 17. b5 Nd8 18. Qd4 Ne6 19. Qb4 Nf4 20. exf4 Rxe2 21. Rae1
Re4 22. Rxe4 Bxe4 23. Ne5 Qd6 24. Qd4 f6 25. Bb4 Qe6 26. Nd3 Bxd3 27. Qxd3 Bxf4
28. Re1 Qe8 1/2-1/2

[Event "17. European Women's Championship 2016"]
[Site "Mamaia ROU"]
[Date "2016.05.30"]
[Round "4.47"]
[White "Balaian, Alina"]
[Black "Rogozenco, Teodora"]
[Result "1-0"]
[WhiteElo "2230"]
[BlackElo "2104"]
[PlyCount "79"]
[EventDate "2016.05.27"]
[EventType "swiss"]
[EventRounds "11"]
[EventCountry "ROU"]
[Source "lmi"]
[SourceDate "2016.05.26"]

1. e4 e5 2. Nf3 Nc6 3. Bb5 a6 4. Ba4 Nf6 5. O-O Be7 6. Re1 b5 7. Bb3 d6 8. h3
O-O 9. c3 Nb8 10. d4 Nbd7 11. Nbd2 Bb7 12. Bc2 Re8 13. a4 Bf8 14. Bd3 c6 15. b3
g6 16. Bb2 Qc7 17. Qc2 Bg7 18. dxe5 dxe5 19. b4 c5 20. axb5 axb5 21. Bxb5 cxb4
22. Bc4 Rxa1 23. Bxa1 bxc3 24. Bxc3 Nc5 25. Ng5 Re7 26. Bb4 Nfd7 27. Nb3 Bf6
28. Nxf7 Kg7 29. Qc1 Nxb3 30. Qh6+ Kg8 31. Nd6+ Kh8 32. Bxb3 Qb6 33. Qd2 Nc5
34. Nf7+ Kg8 35. Bxc5 Qxb3 36. Bxe7 Qxf7 37. Qd8+ Kg7 38. Bxf6+ Qxf6 39. Qc7+
Qf7 40. Qxe5+ 1-0

[Event "17. European Women's Championship 2016"]
[Site "Mamaia ROU"]
[Date "2016.05.30"]
[Round "4.48"]
[White "Gevorgyan, Maria"]
[Black "Jap Tjoen San, Linda"]
[Result "0-1"]
[WhiteElo "2257"]
[BlackElo "2116"]
[PlyCount "78"]
[EventDate "2016.05.27"]
[EventType "swiss"]
[EventRounds "11"]
[EventCountry "ROU"]
[Source "lmi"]
[SourceDate "2016.05.26"]

1. e4 c5 2. Nc3 e6 3. Nf3 Nc6 4. Bb5 Nd4 5. O-O a6 6. Bd3 Nxf3+ 7. Qxf3 Qc7 8.
b3 Nf6 9. Bb2 Bd6 10. Qh3 Be5 11. Rae1 d6 12. a4 Bd7 13. f4 Bd4+ 14. Kh1 h5 15.
Qh4 O-O-O 16. Ba3 Ng4 17. Ne2 Bf6 18. Qg3 Bc6 19. c3 Qe7 20. Qf3 Rdf8 21. b4 g5
22. b5 axb5 23. axb5 Be8 24. Bc2 gxf4 25. Nxf4 Bxb5 26. Rg1 Be5 27. g3 Rfg8 28.
h4 c4 29. Rb1 Bc6 30. Rb4 Bxf4 31. Qxf4 Ne5 32. Rb6 Qc7 33. Rbb1 Rg4 34. Qf2
Rhg8 35. Qd4 Kd7 36. Ba4 Nf3 37. Qa7 b5 38. Qxc7+ Kxc7 39. Rgf1 Rxg3 0-1

[Event "17. European Women's Championship 2016"]
[Site "Mamaia ROU"]
[Date "2016.05.30"]
[Round "4.49"]
[White "Khalafova, Narmin"]
[Black "Sazonova, Anastasia"]
[Result "1-0"]
[WhiteElo "2193"]
[BlackElo "2085"]
[PlyCount "65"]
[EventDate "2016.05.27"]
[EventType "swiss"]
[EventRounds "11"]
[EventCountry "ROU"]
[Source "lmi"]
[SourceDate "2016.05.26"]

1. e4 e6 2. d4 d5 3. Nd2 Nf6 4. e5 Nfd7 5. Bd3 c5 6. c3 Nc6 7. Ngf3 a6 8. O-O
g5 9. dxc5 g4 10. Nd4 Ndxe5 11. Nxc6 bxc6 12. Nb3 Nxd3 13. Qxd3 e5 14. Qg3 Bg7
15. f4 e4 16. f5 Rg8 17. Bf4 Qf6 18. Nd4 h5 19. Bb8 Bd7 20. Bf4 Bf8 21. b4 h4
22. Qe3 Qh8 23. Rad1 Bg7 24. c4 Rc8 25. cxd5 cxd5 26. c6 Bxc6 27. Nxc6 Rxc6 28.
Rxd5 Rc4 29. Rfd1 Bf6 30. Qd2 Rc8 31. Re5+ Kf8 32. Bh6+ Rg7 33. Qd6+ 1-0

[Event "17. European Women's Championship 2016"]
[Site "Mamaia ROU"]
[Date "2016.05.30"]
[Round "4.50"]
[White "Petrenko, Svetlana"]
[Black "Narva, Regina"]
[Result "1-0"]
[WhiteElo "2182"]
[BlackElo "2019"]
[PlyCount "69"]
[EventDate "2016.05.27"]
[EventType "swiss"]
[EventRounds "11"]
[EventCountry "ROU"]
[Source "lmi"]
[SourceDate "2016.05.26"]

1. e4 c5 2. Nf3 Nc6 3. c4 g6 4. g3 Bg7 5. Bg2 d6 6. O-O Nf6 7. d3 O-O 8. Nc3 a6
9. h3 Rb8 10. g4 b5 11. cxb5 axb5 12. Ne1 b4 13. Ne2 Ba6 14. f4 Qb6 15. Be3 Nd7
16. Qd2 Qb5 17. Rc1 b3 18. a3 Qa5 19. Nc3 Rfc8 20. Rf2 Nb6 21. g5 Na4 22. Nxa4
Qxa4 23. e5 Nd4 24. Nf3 Nc2 25. d4 c4 26. Qc3 d5 27. Bd2 e6 28. Ne1 Nxe1 29.
Bxe1 Kf8 30. h4 Ke7 31. Qh3 Kd7 32. Bxd5 Ke8 33. Bxe6 fxe6 34. Qxe6+ Kd8 35.
Qg8+ 1-0

[Event "17. European Women's Championship 2016"]
[Site "Mamaia ROU"]
[Date "2016.05.30"]
[Round "4.51"]
[White "Utiatskaja, Irina"]
[Black "Gitu, Paula-Alexandra"]
[Result "0-1"]
[WhiteElo "2181"]
[BlackElo "1949"]
[PlyCount "80"]
[EventDate "2016.05.27"]
[EventType "swiss"]
[EventRounds "11"]
[EventCountry "ROU"]
[Source "lmi"]
[SourceDate "2016.05.26"]

1. d4 d6 2. c4 e5 3. Nc3 exd4 4. Qxd4 Nc6 5. Qd1 g6 6. e4 Bg7 7. Be3 Nge7 8.
Qd2 Be6 9. h4 Ne5 10. b3 N7c6 11. O-O-O a5 12. Bg5 f6 13. Bh6 Bxh6 14. Qxh6 Kf7
15. a4 Qe7 16. Kb2 Nb4 17. Nh3 c6 18. Qd2 Rad8 19. Nf4 h5 20. Nxe6 Qxe6 21. Be2
Kg7 22. Rhf1 f5 23. f4 Ng4 24. Bxg4 hxg4 25. e5 dxe5 26. Qxd8 Rxd8 27. Rxd8 Na6
28. Rfd1 Nc5 29. Rb8 exf4 30. Rdd8 f3 31. gxf3 gxf3 32. Nd1 Qf6+ 33. Kc2 Qxh4
34. Rg8+ Kf6 35. Rbf8+ Kg5 36. Rd8 Qe4+ 37. Kc3 Qb1 38. Rd6 Qxb3+ 39. Kd4 Qxd1+
40. Kxc5 Qxd6+ 0-1

[Event "17. European Women's Championship 2016"]
[Site "Mamaia ROU"]
[Date "2016.05.30"]
[Round "4.52"]
[White "Cosman, Andreea-Marioara"]
[Black "Motycakova, Monika"]
[Result "0-1"]
[WhiteElo "2101"]
[BlackElo "2170"]
[PlyCount "104"]
[EventDate "2016.05.27"]
[EventType "swiss"]
[EventRounds "11"]
[EventCountry "ROU"]
[Source "lmi"]
[SourceDate "2016.05.26"]

1. d4 Nf6 2. c4 e6 3. Nc3 Bb4 4. e3 O-O 5. Nge2 d5 6. a3 Be7 7. cxd5 exd5 8. g3
a5 9. Bg2 Na6 10. Nf4 c6 11. O-O Nc7 12. Qc2 Re8 13. Rd1 Bd6 14. f3 Ne6 15.
Nxe6 Bxe6 16. Kh1 Bc7 17. e4 dxe4 18. fxe4 Bg4 19. Rd3 Bb6 20. Be3 Bh5 21. Rf1
Ng4 22. Bg1 Bg6 23. Rdd1 Qg5 24. Qb3 Bc7 25. e5 Rab8 26. Ne4 Qe7 27. Rf4 h5 28.
Rdf1 Nh6 29. h3 Qe6 30. Qc3 Rbd8 31. Nc5 Qc8 32. b4 f6 33. Nxb7 Qxb7 34. Bxc6
Qc8 35. Bxe8 Qxh3+ 36. Bh2 Be4+ 37. Rxe4 Qxf1+ 38. Bg1 Rxe8 39. Re1 Qh3+ 40.
Bh2 Ng4 41. Qd2 axb4 42. axb4 fxe5 43. Qg2 Qxh2+ 44. Qxh2 Nxh2 45. Kxh2 e4 46.
Kg2 e3 47. Re2 Bb6 48. d5 Rd8 49. Kf3 Rxd5 50. Rc2 Rf5+ 51. Ke4 Rf2 52. Rc1 Rb2
0-1

[Event "17. European Women's Championship 2016"]
[Site "Mamaia ROU"]
[Date "2016.05.30"]
[Round "4.53"]
[White "Salimova, Nurgyul"]
[Black "Surovtseva, Alisa"]
[Result "1/2-1/2"]
[WhiteElo "2160"]
[BlackElo "1574"]
[PlyCount "89"]
[EventDate "2016.05.27"]
[EventType "swiss"]
[EventRounds "11"]
[EventCountry "ROU"]
[Source "lmi"]
[SourceDate "2016.05.26"]

1. d4 d5 2. c4 c6 3. e3 e6 4. Nc3 Nf6 5. Nf3 Nbd7 6. Bd3 dxc4 7. Bxc4 b5 8. Bd3
Bb7 9. O-O a6 10. Qe2 c5 11. b3 Be7 12. Bb2 O-O 13. Rfd1 Qb6 14. Rac1 Rac8 15.
Ba1 Rfd8 16. a4 b4 17. Nb1 cxd4 18. Bxd4 Bc5 19. Ba1 Nd5 20. Nbd2 N7f6 21. Nc4
Qa7 22. Nfe5 Ba8 23. Ng4 Be7 24. Bd4 Qb7 25. Nxf6+ Bxf6 26. Bxf6 Nxf6 27. Qf1
Nd5 28. Be4 Qe7 29. Bxd5 Bxd5 30. h3 h6 31. Qe2 Bxc4 32. Rxd8+ Qxd8 33. Rxc4
Rxc4 34. Qxc4 a5 35. g3 Kf8 36. Qc5+ Kg8 37. Qc4 Kf8 38. h4 Kg8 39. Kg2 Kf8 40.
Qc5+ Ke8 41. Qc6+ Ke7 42. Qc5+ Ke8 43. Qc6+ Ke7 44. Qc5+ Ke8 45. Qc6+ 1/2-1/2

[Event "17. European Women's Championship 2016"]
[Site "Mamaia ROU"]
[Date "2016.05.30"]
[Round "4.54"]
[White "Osmanodja, Filiz"]
[Black "Pancu, Aureliana-Eugenia"]
[Result "1-0"]
[WhiteElo "2296"]
[BlackElo "1841"]
[PlyCount "85"]
[EventDate "2016.05.27"]
[EventType "swiss"]
[EventRounds "11"]
[EventCountry "ROU"]
[Source "lmi"]
[SourceDate "2016.05.26"]

1. e4 e6 2. d4 d5 3. Nd2 c5 4. exd5 Qxd5 5. dxc5 Bxc5 6. Ngf3 Nf6 7. Bc4 Qd8 8.
O-O O-O 9. Qe2 Nc6 10. Nb3 Be7 11. Bf4 Nh5 12. Bd2 Qc7 13. Rad1 e5 14. Rfe1 Bg4
15. h3 Bxf3 16. Qxf3 Nf6 17. Bb5 e4 18. Qf4 Bd6 19. Qg5 h6 20. Qh4 Ne5 21. Bf4
Nf3+ 22. gxf3 Bxf4 23. fxe4 Bg5 24. Qg3 Qxc2 25. Bd3 Qc8 26. h4 Nh5 27. Qf3 Nf4
28. hxg5 hxg5 29. Nd4 g6 30. Ne2 Nh3+ 31. Kg2 g4 32. Qf6 Qc5 33. Rh1 Rad8 34.
Bb1 Rxd1 35. Rxd1 Qc4 36. Ng1 Qa4 37. b3 Qb5 38. Rd5 Qe8 39. Nxh3 gxh3+ 40.
Kxh3 Qc8+ 41. Kg2 Qg4+ 42. Kh2 Kh7 43. Rd3 1-0

[Event "17. European Women's Championship 2016"]
[Site "Mamaia ROU"]
[Date "2016.05.30"]
[Round "4.55"]
[White "Cimpean, Andra"]
[Black "Grigoryan, Meri"]
[Result "1-0"]
[WhiteElo "1794"]
[BlackElo "2016"]
[PlyCount "145"]
[EventDate "2016.05.27"]
[EventType "swiss"]
[EventRounds "11"]
[EventCountry "ROU"]
[Source "lmi"]
[SourceDate "2016.05.26"]

1. e4 d5 2. exd5 Qxd5 3. Nc3 Qd6 4. d4 a6 5. Nf3 Nf6 6. g3 b5 7. Bg2 Bb7 8. O-O
Nbd7 9. Bf4 Qb6 10. Re1 h6 11. Ne5 Bxg2 12. Kxg2 g5 13. Qf3 Rd8 14. Nxd7 Rxd7
15. Be5 Bg7 16. Ne4 O-O 17. Nc5 Rdd8 18. Qb7 Qxb7+ 19. Nxb7 Ra8 20. a4 Nd5 21.
Bxg7 Kxg7 22. c3 e6 23. Ra2 Nb6 24. Rea1 Nxa4 25. Nc5 Rfb8 26. Nxa4 bxa4 27.
Rb1 Rb3 28. Rxa4 a5 29. Kf3 Kf6 30. Ke3 Ke7 31. Kd3 Rab8 32. Kc2 R3b5 33. c4
Rb4 34. Rxb4 axb4 35. Kb3 Kd6 36. Ra1 e5 37. Ra6+ Kd7 38. dxe5 Re8 39. f4 gxf4
40. gxf4 c5 41. Rxh6 Rg8 42. Rd6+ Ke7 43. Rc6 Rh8 44. Rxc5 Rxh2 45. Rb5 Rf2 46.
Rxb4 Rxf4 47. c5 Rf3+ 48. Ka4 Re3 49. c6 Rxe5 50. Rc4 Kd8 51. b4 Kc7 52. b5 Re8
53. Rf4 Kb6 54. Rc4 Re7 55. Kb4 Rc7 56. Re4 f6 57. Re8 Rh7 58. Rb8+ Ka7 59. Re8
Kb6 60. Rb8+ Ka7 61. Rd8 Kb6 62. Kc4 Rh5 63. Rb8+ Kc7 64. Rb7+ Kd6 65. Rd7+ Ke6
66. b6 Rh1 67. Rd3 Rc1+ 68. Rc3 Rb1 69. Rb3 Rc1+ 70. Kb5 Kd6 71. Rd3+ Ke7 72.
b7 f5 73. Kb6 1-0

[Event "17. European Women's Championship 2016"]
[Site "Mamaia ROU"]
[Date "2016.05.30"]
[Round "4.56"]
[White "Coman, Emilia-Florentina"]
[Black "Milak, Adela"]
[Result "1-0"]
[WhiteElo "1891"]
[BlackElo "1677"]
[PlyCount "126"]
[EventDate "2016.05.27"]
[EventType "swiss"]
[EventRounds "11"]
[EventCountry "ROU"]
[Source "lmi"]
[SourceDate "2016.05.26"]

1. d4 f5 2. Nf3 Nf6 3. Bg5 e6 4. Nbd2 Be7 5. Bxf6 Bxf6 6. e4 f4 7. Bd3 Nc6 8.
e5 Be7 9. c4 d6 10. d5 dxe5 11. Be4 exd5 12. cxd5 Nd4 13. Nxe5 O-O 14. Ndc4
Bb4+ 15. Kf1 Bc5 16. b4 Bxb4 17. Qxd4 Bf5 18. d6 Bxe4 19. Qxe4 c6 20. Rb1 Bxd6
21. Rd1 Rf6 22. Ng4 Rg6 23. Nce5 Qe7 24. Qxf4 Rxg4 25. Qxg4 Qxe5 26. Qd4 Qb5+
27. Qd3 Qxd3+ 28. Rxd3 Rd8 29. Ke2 Re8+ 30. Kd1 Bc5 31. Rd7 Re7 32. Rxe7 Bxe7
33. Kc2 Kf7 34. Rb1 b6 35. Kc3 Bf6+ 36. Kc4 Ke6 37. Rd1 Ke7 38. Rd3 h6 39. Ra3
a5 40. Rb3 b5+ 41. Kc5 Kd7 42. Rd3+ Kc7 43. Re3 Kd7 44. f4 Bh4 45. g3 Bf6 46.
f5 Bb2 47. Re6 Ba3+ 48. Kb6 Bd6 49. Rg6 a4 50. Rxg7+ Ke8 51. Kxc6 Bf8 52. Ra7
a3 53. Kxb5 Be7 54. Ka4 Bc5 55. Rh7 Kf8 56. Rxh6 Kg7 57. Rc6 Bf8 58. Rc3 Kf6
59. g4 Kg5 60. h3 Be7 61. Rxa3 Kf4 62. Rb3 Kg5 63. Rb6 Bf8 1-0

[Event "17. European Women's Championship 2016"]
[Site "Mamaia ROU"]
[Date "2016.05.31"]
[Round "5.1"]
[White "Shvayger, Yuliya"]
[Black "Gaponenko, Inna"]
[Result "1/2-1/2"]
[WhiteElo "2415"]
[BlackElo "2415"]
[PlyCount "55"]
[EventDate "2016.05.27"]
[EventType "swiss"]
[EventRounds "11"]
[EventCountry "ROU"]
[Source "lmi"]
[SourceDate "2016.05.26"]

1. e4 c5 2. Nf3 d6 3. Bb5+ Nd7 4. d4 cxd4 5. Qxd4 a6 6. Bxd7+ Bxd7 7. c4 Nf6 8.
Bg5 e6 9. Nc3 Be7 10. Rd1 Qc7 11. Bxf6 Bxf6 12. Qxd6 Qxd6 13. Rxd6 Bxc3+ 14.
bxc3 Bc6 15. Nd2 Ke7 16. Rd4 e5 17. Rd3 Rac8 18. Ke2 b5 19. Rg3 g6 20. cxb5
axb5 21. Rb1 Ra8 22. Rb2 Ra4 23. c4 bxc4 24. Rc3 Rha8 25. Rxc4 Rxc4 26. Nxc4
Bxe4 27. f3 Bd5 28. Nxe5 1/2-1/2

[Event "17. European Women's Championship 2016"]
[Site "Mamaia ROU"]
[Date "2016.05.31"]
[Round "5.2"]
[White "Atalik, Ekaterina"]
[Black "Goryachkina, Aleksandra"]
[Result "1/2-1/2"]
[WhiteElo "2408"]
[BlackElo "2485"]
[PlyCount "99"]
[EventDate "2016.05.27"]
[EventType "swiss"]
[EventRounds "11"]
[EventCountry "ROU"]
[Source "lmi"]
[SourceDate "2016.05.26"]

1. d4 d5 2. c4 c6 3. Nf3 Nf6 4. Nc3 e6 5. g3 Nbd7 6. Qd3 Be7 7. Bg2 O-O 8. O-O
b6 9. b3 Ba6 10. Bb2 Rc8 11. Rac1 Qc7 12. e4 Rfd8 13. exd5 cxd5 14. Nb5 Qb8 15.
Rfd1 Bb7 16. Qe2 Qa8 17. Nc3 Bf8 18. a4 Re8 19. h3 Bb4 20. Na2 Bd6 21. Nc3 a6
22. Ne5 dxc4 23. Bxb7 Qxb7 24. bxc4 Bb4 25. Na2 Bf8 26. Nxd7 Qxd7 27. Qc2 h5
28. Qb3 h4 29. g4 Bd6 30. Nc3 Bb8 31. Ne2 Rc6 32. Kf1 Rec8 33. Qd3 Ne8 34. g5
a5 35. g6 fxg6 36. Qxg6 e5 37. Qg4 Qxg4 38. hxg4 exd4 39. Nxd4 Rxc4 40. Nf5
Rxc1 41. Bxc1 Rc4 42. Rd8 Rxc1+ 43. Kg2 Bf4 44. Rxe8+ Kh7 45. Re4 Bg5 46. f4
Rc2+ 47. Kh3 Rc3+ 48. Kh2 Rc2+ 49. Kh3 Rc3+ 50. Kh2 1/2-1/2

[Event "17. European Women's Championship 2016"]
[Site "Mamaia ROU"]
[Date "2016.05.31"]
[Round "5.4"]
[White "Bulmaga, Irina"]
[Black "Paehtz, Elisabeth"]
[Result "0-1"]
[WhiteElo "2360"]
[BlackElo "2489"]
[PlyCount "142"]
[EventDate "2016.05.27"]
[EventType "swiss"]
[EventRounds "11"]
[EventCountry "ROU"]
[Source "lmi"]
[SourceDate "2016.05.26"]

1. e4 c5 2. Nf3 e6 3. d4 cxd4 4. Nxd4 Nf6 5. Nc3 Nc6 6. Ndb5 d6 7. Bf4 e5 8.
Bg5 a6 9. Na3 b5 10. Nd5 Be7 11. Bxf6 Bxf6 12. c4 Nd4 13. cxb5 Bb7 14. b6 Bxd5
15. exd5 Qxb6 16. Qa4+ Ke7 17. Bd3 Rhb8 18. O-O Qb4 19. Qxb4 Rxb4 20. Rac1 Kf8
21. b3 a5 22. Nc2 Nxc2 23. Rxc2 Rd4 24. Be2 a4 25. Rb1 Rb8 26. Bc4 axb3 27.
axb3 Bd8 28. Ra1 Bb6 29. g3 g5 30. Kf1 Bc5 31. Ke2 Kg7 32. Rd2 Rxd2+ 33. Kxd2
Bxf2 34. g4 Bc5 35. Ra4 f5 36. gxf5 Kf6 37. Bd3 Rxb3 38. Kc2 Rb8 39. h3 h5 40.
Ra1 Rb4 41. Ra8 e4 42. Be2 Kxf5 43. Bxh5 Ke5 44. Bf7 Bd4 45. Ra2 Rc4+ 46. Kd2
Rc3 47. Be6 Rg3 48. Rc2 Kf4 49. Bg4 Bc5 50. Ke2 Re3+ 51. Kf1 Rd3 52. Be6 Rf3+
53. Ke2 Rg3 54. Bg4 Ke5 55. Be6 Be3 56. Kf1 Kd4 57. Rg2 Rf3+ 58. Ke2 Bf4 59.
Rg1 Re3+ 60. Kf2 Rd3 61. Ra1 Rd2+ 62. Kf1 e3 63. Bg4 Rf2+ 64. Ke1 Kxd5 65. Ra5+
Kd4 66. Ra4+ Ke5 67. Ra5+ d5 68. Be2 Rh2 69. Bf3 Bg3+ 70. Kd1 Rd2+ 71. Kc1 e2
0-1

[Event "17. European Women's Championship 2016"]
[Site "Mamaia ROU"]
[Date "2016.05.31"]
[Round "5.5"]
[White "Bodnaruk, Anastasia"]
[Black "Gara, Anita"]
[Result "1-0"]
[WhiteElo "2475"]
[BlackElo "2345"]
[PlyCount "95"]
[EventDate "2016.05.27"]
[EventType "swiss"]
[EventRounds "11"]
[EventCountry "ROU"]
[Source "lmi"]
[SourceDate "2016.05.26"]

1. e4 c5 2. Nf3 d6 3. d4 cxd4 4. Nxd4 Nf6 5. Nc3 g6 6. Be3 Bg7 7. Bc4 O-O 8. f3
Nc6 9. Qd2 Bd7 10. g4 Rc8 11. Bb3 Na5 12. O-O-O Nc4 13. Bxc4 Rxc4 14. h4 b5 15.
Nce2 Qc7 16. Kb1 Rc8 17. c3 Qb7 18. Rc1 a5 19. Bh6 Bxh6 20. Qxh6 Bxg4 21. fxg4
Qxe4+ 22. Ka1 Nxg4 23. Qd2 b4 24. h5 bxc3 25. bxc3 Qe3 26. Qc2 e5 27. hxg6 hxg6
28. Nf5 gxf5 29. Qxf5 Qe4 30. Ng3 Qxf5 31. Nxf5 R8c7 32. Rb1 f6 33. Rb8+ Kf7
34. Nxd6+ Ke6 35. Nxc4 Rxc4 36. Kb2 e4 37. Kb3 Rc6 38. Re8+ Kf5 39. Rf1+ Kg5
40. Rg8+ Kh4 41. Rh1+ Kg3 42. Rg1+ Kf3 43. R8xg4 f5 44. Rg6 Rc5 45. c4 Ke3 46.
Kc3 a4 47. Rf6 Re5 48. Rf1 1-0

[Event "17. European Women's Championship 2016"]
[Site "Mamaia ROU"]
[Date "2016.05.31"]
[Round "5.6"]
[White "Gara, Ticia"]
[Black "Socko, Monika"]
[Result "1/2-1/2"]
[WhiteElo "2352"]
[BlackElo "2469"]
[PlyCount "141"]
[EventDate "2016.05.27"]
[EventType "swiss"]
[EventRounds "11"]
[EventCountry "ROU"]
[Source "lmi"]
[SourceDate "2016.05.26"]

1. e4 c6 2. d4 d5 3. Nd2 dxe4 4. Nxe4 Bf5 5. Ng3 Bg6 6. Nf3 Nd7 7. Bd3 Ngf6 8.
O-O e6 9. Re1 Qc7 10. Ne5 Bd6 11. Bxg6 hxg6 12. Qe2 O-O 13. Bg5 Rfe8 14. Rad1
c5 15. Nxd7 Nxd7 16. dxc5 Nxc5 17. c3 Rac8 18. Qd2 Bxg3 19. hxg3 a6 20. Qd6 Na4
21. Qxc7 Rxc7 22. Bf4 Rc5 23. Bc1 Rcc8 24. Kf1 e5 25. f3 f6 26. Rd5 Re7 27. g4
Kf7 28. g5 Rc6 29. gxf6 gxf6 30. Red1 Ke6 31. R5d3 g5 32. Kf2 Nc5 33. Rd8 e4
34. fxe4 Nxe4+ 35. Kf3 Nd6 36. Rb8 Nc4 37. Rbd8 Ne5+ 38. Kf2 Kf5 39. R8d6 Rxd6
40. Rxd6 Rh7 41. Be3 Rh1 42. Rb6 Ra1 43. Bd4 Nc4 44. Rxf6+ Kg4 45. b3 Rxa2+ 46.
Kg1 Ra1+ 47. Kf2 Ra2+ 48. Kg1 Nd2 49. Rb6 Ne4 50. Be5 Ra1+ 51. Kh2 Nf2 52. Rb4+
Kf5 53. Bc7 b5 54. Rd4 Rh1+ 55. Kg3 Ne4+ 56. Kf3 g4+ 57. Ke3 Nxc3 58. Ba5 Na2
59. Rf4+ Kg5 60. Bd8+ Kh5 61. Rf5+ Kg6 62. Rf6+ Kg7 63. Rxa6 Nc1 64. b4 Re1+
65. Kf4 Nd3+ 66. Kxg4 Re4+ 67. Kg5 Re5+ 68. Kg4 Re4+ 69. Kg5 Re5+ 70. Kg4 Re4+
71. Kg5 1/2-1/2

[Event "17. European Women's Championship 2016"]
[Site "Mamaia ROU"]
[Date "2016.05.31"]
[Round "5.7"]
[White "Lazarne Vajda, Szidonia"]
[Black "Mkrtchian, Lilit"]
[Result "1/2-1/2"]
[WhiteElo "2345"]
[BlackElo "2434"]
[PlyCount "36"]
[EventDate "2016.05.27"]
[EventType "swiss"]
[EventRounds "11"]
[EventCountry "ROU"]
[Source "lmi"]
[SourceDate "2016.05.26"]

1. e4 d6 2. d4 Nf6 3. Nc3 g6 4. Nf3 Bg7 5. Be2 O-O 6. O-O c6 7. a4 Nbd7 8. h3
Qc7 9. Re1 b6 10. Bc4 e5 11. Bg5 h6 12. Be3 a6 13. Qd2 Kh7 14. dxe5 dxe5 15.
Red1 Bb7 16. Qd6 Rac8 17. Qxc7 Rxc7 18. Nd2 b5 1/2-1/2

[Event "17. European Women's Championship 2016"]
[Site "Mamaia ROU"]
[Date "2016.05.31"]
[Round "5.8"]
[White "Khurtsidze, Nino"]
[Black "Osmak, Iulija"]
[Result "1/2-1/2"]
[WhiteElo "2409"]
[BlackElo "2345"]
[PlyCount "118"]
[EventDate "2016.05.27"]
[EventType "swiss"]
[EventRounds "11"]
[EventCountry "ROU"]
[Source "lmi"]
[SourceDate "2016.05.26"]

1. d4 d5 2. Nf3 Nf6 3. c4 c6 4. e3 g6 5. Nc3 Bg7 6. cxd5 cxd5 7. Bb5+ Bd7 8.
Qb3 Bxb5 9. Qxb5+ Qd7 10. Ne5 Qxb5 11. Nxb5 Na6 12. Ke2 Ne4 13. Bd2 Nd6 14. a4
Bxe5 15. dxe5 Nxb5 16. axb5 Nc7 17. Rac1 Kd7 18. Rhd1 Nxb5 19. Bb4 e6 20. e4 d4
21. Rc5 a6 22. Bc3 b6 23. Rc4 Rhc8 24. Rb4 Rxc3 25. Rxb5 Rc2+ 26. Kd3 Rc6 27.
Rb4 Kc7 28. Rxd4 Rd8 29. Rxd8 Kxd8 30. f4 a5 31. Ra1 Rc5 32. Ra4 Kc7 33. Kd2
Kb7 34. Rd4 Kc7 35. g4 g5 36. fxg5 Rxe5 37. h4 b5 38. Kd3 Rc5 39. b4 axb4 40.
Rxb4 Kb6 41. Rb1 Rc4 42. Rf1 Rc7 43. Rb1 e5 44. Kd2 Rd7+ 45. Kc3 Kc5 46. Rf1
b4+ 47. Kb3 Rd3+ 48. Kc2 Rh3 49. h5 Rg3 50. Rxf7 Rxg4 51. Rxh7 Rxg5 52. h6 Rh5
53. Rh8 Rh2+ 54. Kb3 Rh3+ 55. Kc2 b3+ 56. Kb2 Kd4 57. h7 Kxe4 58. Ka3 Ke3 59.
Re8 Rxh7 1/2-1/2